THE PRINCIPLES OF PLEADING AND PRACTICE IN CIVIL ACTIONS IN THE HIGH COURT OF JUSTICE (Record no. 216604)

MARC details
000 -LEADER
fixed length control field 00666nam a22001817a 4500
008 - FIXED-LENGTH DATA ELEMENTS--GENERAL INFORMATION
fixed length control field 260224b |||||||| |||| 00| 0 eng d
020 ## - INTERNATIONAL STANDARD BOOK NUMBER
International Standard Book Number 978-1-240-13500-4
050 ## - LIBRARY OF CONGRESS CALL NUMBER
Classification number KD 7454 .O 34 1912
100 ## - MAIN ENTRY--PERSONAL NAME
Personal name ODGERS, WILLIAM BLAKE
245 ## - TITLE STATEMENT
Title THE PRINCIPLES OF PLEADING AND PRACTICE IN CIVIL ACTIONS IN THE HIGH COURT OF JUSTICE
250 ## - EDITION STATEMENT
Edition statement 6
260 ## - PUBLICATION, DISTRIBUTION, ETC.
Place of publication, distribution, etc. LONDON,
Name of publisher, distributor, etc. STEVENS AND SONS, LIMITED,
Date of publication, distribution, etc. 1912,
300 ## - PHYSICAL DESCRIPTION
Extent LXVIII, 512P.
500 ## - GENERAL NOTE
General note INCLUDES INDEX
650 ## - SUBJECT ADDED ENTRY
Topical term or geographic name entry element 1. Civil procedure-Textbooks 2. Pleading-England-Textbooks 3. Law reports, digests, etc.- England 4. High Court of Justice-England-Practice
942 ## - ADDED ENTRY ELEMENTS (KOHA)
Source of classification or shelving scheme Library of Congress Classification
Koha item type Long Loan Book
Holdings
Withdrawn status Lost status Source of classification or shelving scheme Damaged status Not for loan Collection Home library Current library Shelving location Date acquired Inventory number Total checkouts Full call number Barcode Date last seen Copy number Price effective from Koha item type
    Library of Congress Classification     Law Kisii University Library Kisii University Library On Display 02/24/2026 111927   KD 7454 .O34 1912 A001486 02/24/2026 1 02/24/2026 Long Loan Book
    Library of Congress Classification     Law Kisii University Library Kisii University Library On Display 02/24/2026 111928   KD 7454 .O34 1912 A001485 02/24/2026 2 02/24/2026 Long Loan Book
    Library of Congress Classification     Law Kisii University Library Kisii University Library On Display 02/24/2026 111929   KD 7454 .O34 1912 A001483 02/24/2026 3 02/24/2026 Long Loan Book
    Library of Congress Classification     Law Kisii University Library Kisii University Library On Display 02/24/2026 111930   KD 7454 .O34 1912 A001484 02/24/2026 4 02/24/2026 Long Loan Book
    Library of Congress Classification     Law Kisii University Library Kisii University Library On Display 02/24/2026 111931   KD 7454 .O34 1912 A001488 02/24/2026 5 02/24/2026 Long Loan Book